000 00393nam a22001337a 4500
999 _c514853
_d514853
008 201225b ||||| |||| 00| 0 eng d
100 _aSayed, Gazia. and Sayed Najmus Sahar.
_921859
245 _aPrivate and public sector banks
260 _aProductivity
300 _a61(1), Apr-Jun, 2020: p. 19-33
773 _aProductivity
906 _aBANKING AND FINANCE - INDIA
942 _cAR